Семантическая характеристика англоязычных терминов-омонимов отрасли природопользования; Международный журнал гуманитарных и естественных наук; № 2
| Parent link: | Международный журнал гуманитарных и естественных наук.— , 2016- № 2.— 2017.— [С. 54-57] |
|---|---|
| Prif Awdur: | |
| Awdur Corfforaethol: | |
| Awduron Eraill: | |
| Crynodeb: | Заглавие с экрана В данной статье рассмотрена специфика омонимических терминов английского языка отрасли природопользования. Проанализированы особенности развития терминологии как отдельной сферы языкознания, подробно описана такая семантическая характеристика, как омонимия, выделены основные характеристики терминов-омонимов отрасли природопользования, разобраны примеры межотраслевой омонимии. This article describes the specifics of homonymous terms of English of the natural resources sector. In this in the present work the peculiarities of the terminology as a separate sphere of linguistics were analyzed, such semantic characteristics as homonymy was described in detail, the main characteristics of the homonyms terms of the natural resources sector were highlighted, examples of interdisciplinary homonyms were analyzed. Режим доступа: по договору с организацией-держателем ресурса |
| Iaith: | Rwseg |
| Cyhoeddwyd: |
2017
|
| Cyfres: | Филологические науки |
| Pynciau: | |
| Mynediad Ar-lein: | https://elibrary.ru/item.asp?id=28432588 http://intjournal.ru/wp-content/uploads/2017/03/Mezhdunarodnyj-ZHurnal-2.pdf#page=55 |
| Fformat: | Electronig Pennod Llyfr |
| KOHA link: | https://koha.lib.tpu.ru/cgi-bin/koha/opac-detail.pl?biblionumber=654822 |
MARC
| LEADER | 00000naa0a2200000 4500 | ||
|---|---|---|---|
| 001 | 654822 | ||
| 005 | 20250313135413.0 | ||
| 035 | |a (RuTPU)RU\TPU\network\20509 | ||
| 090 | |a 654822 | ||
| 100 | |a 20170523d2017 k||y0rusy50 ca | ||
| 101 | 0 | |a rus | |
| 102 | |a RU | ||
| 135 | |a drcn ---uucaa | ||
| 181 | 0 | |a i | |
| 182 | 0 | |a b | |
| 200 | 1 | |a Семантическая характеристика англоязычных терминов-омонимов отрасли природопользования |d Semantic characteristics of English homonyms terms of the natural resources sector |f Е. В. Исаева, Д. С. Кузякова | |
| 203 | |a Текст |c электронный | ||
| 225 | 1 | |a Филологические науки | |
| 300 | |a Заглавие с экрана | ||
| 320 | |a [Библиогр.: 25 назв.] | ||
| 330 | |a В данной статье рассмотрена специфика омонимических терминов английского языка отрасли природопользования. Проанализированы особенности развития терминологии как отдельной сферы языкознания, подробно описана такая семантическая характеристика, как омонимия, выделены основные характеристики терминов-омонимов отрасли природопользования, разобраны примеры межотраслевой омонимии. | ||
| 330 | |a This article describes the specifics of homonymous terms of English of the natural resources sector. In this in the present work the peculiarities of the terminology as a separate sphere of linguistics were analyzed, such semantic characteristics as homonymy was described in detail, the main characteristics of the homonyms terms of the natural resources sector were highlighted, examples of interdisciplinary homonyms were analyzed. | ||
| 333 | |a Режим доступа: по договору с организацией-держателем ресурса | ||
| 461 | |t Международный журнал гуманитарных и естественных наук |d 2016- | ||
| 463 | |t № 2 |v [С. 54-57] |d 2017 | ||
| 510 | 1 | |a Semantic characteristics of English homonyms terms of the natural resources sector |z eng | |
| 610 | 1 | |a электронный ресурс | |
| 610 | 1 | |a труды учёных ТПУ | |
| 610 | 1 | |a природопользование | |
| 610 | 1 | |a терминология | |
| 610 | 1 | |a омонимы | |
| 700 | 1 | |a Исаева |b Е. В. |c лингвист |c доцент Томского политехнического университета, кандидат филологических наук |f 1974- |g Евгения Владимировна |3 (RuTPU)RU\TPU\pers\33145 |9 16966 | |
| 701 | 1 | |a Кузякова |b Д. С. |g Дарья Сергеевна | |
| 712 | 0 | 2 | |a Национальный исследовательский Томский политехнический университет (ТПУ) |b Институт электронного обучения (ИнЭО) |b Кафедра технологий и педагогики электронного обучения (ТПЭО) |3 (RuTPU)RU\TPU\col\20233 |
| 801 | 2 | |a RU |b 63413507 |c 20170523 |g RCR | |
| 856 | 4 | |u https://elibrary.ru/item.asp?id=28432588 | |
| 856 | 4 | |u http://intjournal.ru/wp-content/uploads/2017/03/Mezhdunarodnyj-ZHurnal-2.pdf#page=55 | |
| 942 | |c CF | ||